Ο τόκος εν τη συγχρόνω οικονομία
Αποθηκεύτηκε σε:
| Κύριος συγγραφέας: | |
|---|---|
| Μορφή: | Βιβλίο |
| Γλώσσα: | Greek |
| Δημοσίευση: |
Αθήναι :
Τύποις "?Τα Χρονικά",
1935.
|
| Θέματα: | |
| Ετικέτες: |
Προσθήκη ετικέτας
Δεν υπάρχουν, Καταχωρήστε ετικέτα πρώτοι!
|
MARC
| LEADER | 00000cam a2200000 i 4500 | ||
|---|---|---|---|
| 001 | 1/35325 | ||
| 008 | 130823s1935 gr | ||| |||| ||gre|| | ||
| 035 | |l 10115437 | ||
| 040 | |a GR-MyUA |b gre |e AACR2 | ||
| 041 | 0 | |a gre | |
| 082 | 0 | |a 332.8 |2 (22) | |
| 100 | 1 | |a Λοβέρδος, Αλέξανδρος Ι. | |
| 245 | 1 | 2 | |a Ο τόκος εν τη συγχρόνω οικονομία / |c Αλ. Ι. Λοβέρδου. |
| 260 | |a Αθήναι : |b Τύποις "?Τα Χρονικά", |c 1935. | ||
| 300 | |a 119 σ., [3] φ. : |b εικ. ; |c 24 εκ. | ||
| 500 | |a Στο recto φέρει σφραγίδα "Δημόσια Εμπορική Σχολή Σάμου εν Καρλοβάσιω". | ||
| 650 | 0 | 0 | |a Interest. |
| 852 | |a INST |b SAMOS |c PORFYRIADA |e 20130823 |h 332.8 ΛΟΒ |p 005300040438 |q 005300040438 |t NOLOAN |y 23 | ||
| 901 | |a BIBL3-2013-2 | ||
| 909 | |a Σ |b 178669 | ||
| 970 | |a ΚΟΣΙΕΡΗΣ |b ΧΡΗΣΤΟΣ |z 2013/07/22 | ||